Additive manufacturing of rubber parts based on low viscous compounds using a direct-ink-writing process (Record no. 75272)

MARC details
000 -LEADER
fixed length control field 00586nam a22002057a 4500
100 ## - MAIN ENTRY--AUTHOR NAME
Personal name Schneider, F.
245 ## - TITLE STATEMENT
Title Additive manufacturing of rubber parts based on low viscous compounds using a direct-ink-writing process
260 ## - PUBLICATION, DISTRIBUTION, ETC. (IMPRINT)
Name of publisher Kautschuk Gummi Kunststoffe, 76(2): 2023. 43-50.
300 ## - PHYSICAL DESCRIPTION
Other physical details April
650 ## - SUBJECT ADDED ENTRY--TOPICAL TERM
Topical Term 3D-printing
650 ## - SUBJECT ADDED ENTRY--TOPICAL TERM
Topical Term Additive manufacturing
650 ## - SUBJECT ADDED ENTRY--TOPICAL TERM
Topical Term Rapid prototyping
650 ## - SUBJECT ADDED ENTRY--TOPICAL TERM
Topical Term Process chain
650 ## - SUBJECT ADDED ENTRY--TOPICAL TERM
Topical Term Low viscous rubber pastes
650 ## - SUBJECT ADDED ENTRY--TOPICAL TERM
Topical Term Solvents
700 ## - ADDED ENTRY--PERSONAL NAME
Personal name Thiel, R
700 ## - ADDED ENTRY--PERSONAL NAME
Personal name Klie, B.
700 ## - ADDED ENTRY--PERSONAL NAME
Personal name Giese, U.
942 ## - ADDED ENTRY ELEMENTS (KOHA)
Koha item type Journals
Holdings
Withdrawn status Lost status Damaged status Not for loan Home library Current library Date acquired Koha item type
        RRII Library RRII Library 24/05/2024 Journals